Adolescent Psychology: (Record no. 201406)

MARC details
000 -LEADER
fixed length control field 00554nam a22001817a 4500
005 - DATE AND TIME OF LATEST TRANSACTION
control field 20240408152445.0
010 ## - LCCN (DPL NO)
LC control number ENG-139656
020 ## - INTERNATIONAL STANDARD BOOK NUMBER
International Standard Book Number 9788192805726
Terms of availability 500.00
035 ## - SYSTEM CONTROL NUMBER
System control number EN-123188
037 ## - SOURCE OF ACQUISITION
Source of stock number/acquisition DBAD/PUB
082 ## - DEWEY DECIMAL CLASSIFICATION NUMBER
Classification number 306.85
Edition number 1
100 ## - MAIN ENTRY--PERSONAL NAME
Personal name Chhabra Shikha
245 ## - TITLE STATEMENT
Title Adolescent Psychology:
Remainder of title In Dual Children Families/
Statement of responsibility, etc By Shikha Chhabra
260 ## - PUBLICATION, DISTRIBUTION, ETC. (IMPRINT)
Place of publication, distribution, etc Lal Ganesh
Name of publisher, distributor, etc Vivek Books
Date of publication, distribution, etc 2015
270 ## - ADDRESS
Address Rajanikanta Goswami Path, House No. 31
City Guwahati
300 ## - PHYSICAL DESCRIPTION
Extent 246p;
Dimensions 23CM(Hb)
942 ## - ADDED ENTRY ELEMENTS (KOHA)
Item type English Books
Classification part 306.85
Source of classification or shelving scheme Dewey Decimal Classification
Call number suffix CHH
Holdings
Withdrawn status Lost status Not for loan Collection code Home library Current library Date acquired Source of acquisition Cost, normal purchase price Full call number Barcode Copy number Cost, replacement price Koha item type
      Non-fiction Bawana Bawana 12/03/2024 DBAD 500.00 306.85 CHH EN-123188 1 500.00 English Books

© Delhi Public Library
Hit Counter
free hit counter